| 000 | 00728nam a2200265Ia 4500 | ||
|---|---|---|---|
| 003 | OSt | ||
| 005 | 20221005093240.0 | ||
| 006 | a|||||r|||| 00| 0 | ||
| 007 | ta | ||
| 008 | 221004b |||||||| |||| 00| 0 eng d | ||
| 024 | _a42273 | ||
| 037 | _cTextual | ||
| 040 |
_aCRL _cCRL _beng |
||
| 041 |
_2eng _aeng |
||
| 082 | _aO111,3M79,HE, F1 | ||
| 100 | _aForster E M | ||
| 110 | _aGift from Prof Amitava Banerjee, London | ||
| 245 | 0 | _aHowards end | |
| 260 |
_aNew York _bVintage Books USA _c1921 |
||
| 300 |
_a343p. _ccm. |
||
| 650 | _aENGLISH LITERATURE | ||
| 700 | _aGift from Prof Amitava Banerjee, London | ||
| 942 |
_hO111,3M79,HE, F1 _cTEXL _2cc |
||
| 999 |
_c1000064 _d1000064 |
||